00780cam a2200205 a 450000100100000000500170001000800410002704000230006808200170009110000490010824501000015726000950025730000280035249000240038049000310040465000220043565000350045770000280049283000540052000000577320200929151758.0740218s1967 uy 001 p spa  aDO-SdBNPcPPTdDLC aU861.3bL6151 aLerena Acevedo, Andrés Hector,d1895-1920.10aPraderas soleadas, y otros poemas /cAdrés Héctor Acevedo Lerena ; prólogo, Giselda Zani. aMontevideo, Uruguay :bMinisterios de Instrucción Pública y Previsión Social,c1967. axxxvi, 104 p. ;c19 cm.0 aBiblioteca Artigas.0 aClásicos uruguayosv120. 4aPoesía uruguaya 4aLiteratura uruguayaySIGLO XIX1 aZani, Giselda,epról. 0aBiblioteca Artigas.pClásicos uruguayos ;v120.